LEADER 01148nam a2200289 i 4500 001 000000134315 003 CaOOAMICUS 005 20050201000000.0 008 050201s1988 fr u000 u fre u 013 $a107483 020 $a2-7010-1148-5 040 $aSeMil$bita 245 10$aAldo Moro /$cpar Giorgio Campanini ; témoignage de Carlo Maria Martini. 260 $aParis :$bBeauchesne,$ccopyr. 1988. 300 $a192 p. ;$c22 cm. 490 0 $aPolitiques & chrétiens ;$v3 500 $aFondo Card. C.M. Martini. 600 14$aMoro, Aldo <1916-1978>.$0(OLS)http://semarc/subject/6668 700 1 $aMartini, Carlo Maria,$c.$0(OLS)http://semarc/name/89159 830 0$aPolitiques & chrétiens ;$v3.$0(OLS)http://semarc/title/17107 850 $aSeMil 852 $aSeMil$W1$xVenegono$y1$m3U V 378$j88074$B88074$CSeMilBibl$Z2$F92308 $81 941 1 $a4 961 $aOmaggio: Martini Card. Carlo Maria 996 $6020$a2-7010-1148-5$9(OLS)http://semarc/number/121489 996 $6245$aAldo Moro$9(OLS)http://semarc/title/196510 996 $6260$aParis :$bBeauchesne$9(OLS)http://semarc/publisher/29638 LEADER 01575nam a2200325 i 4500 001 000000235024 003 CaOOAMICUS 005 20141027000000.0 008 141027s2014 it u000 u ita u 013 $a213927 020 $a978-88-514-1388-0 040 $aSeMil$bita 100 1 $aPirrone, Cecilia,$d<1972- >.$0(OLS)http://semarc/name/14232 245 12$aI figli ci parlano di Dio :$buna psicologa e un prete in dialogo con la famiglia /$cCecilia Pirrone, Francesco Scanziani ; prefazione di Franco Giulio Brambilla. 250 $aNuova ed. [riveduta e ampliata]. 260 $aMilano :$bŔncora,$c2014. 300 $a192 p. ;$c21 cm. 490 0 $aPercorsi familiari 500 $aCon dedica autografa di uno degli Autori. 650 4$aFamiglia - Concezione cristiana.$0(OLS)http://semarc/subject/1374 650 4$aGenitori e figli - Aspetti religiosi.$0(OLS)http://semarc/subject/28638 700 1 $aScanziani, Francesco,$d<1968- >.$0(OLS)http://semarc/name/14233 700 1 $aBrambilla, Franco Giulio,$c.$0(OLS)http://semarc/name/13164 830 0$aPercorsi familiari.$0(OLS)http://semarc/title/10283 850 $aSeMil 852 $aSeMil$W1$xVenegono$y1$m2Q II 150$j185370$B185370$CSeMilBibl$Z2$F196382 $81 961 $aOmaggio: Scanziani don Francesco 996 $6020$a978-88-514-1388-0$9(OLS)http://semarc/number/239491 996 $6245$aI figli ci parlano di Dio :$buna psicologa e un prete in dialogo con la famiglia$9(OLS)http://semarc/title/250958 996 $6260$aMilano :$bŔncora$9(OLS)http://semarc/publisher/29763